[Event "Polanica Zdroj op"]
[Site "Polanica Zdroj"]
[Date "2001.08.22"]
[Round "7"]
[White "Gromczak, Dariusz"]
[Black "Chmielinska, Alicja"]
[Result "1-0"]
[WhiteElo "2142"]
[BlackElo "2040"]
[PlyCount "40"]
[EventDate "2001.08.16"]
[EventType "swiss"]
[EventRounds "10"]
[EventCountry "POL"]
[SourceTitle "EXT 2002"]
[Source "ChessBase"]
[SourceDate "2001.11.25"]
[SourceVersion "1"]
[SourceVersionDate "2001.11.25"]
[SourceQuality "1"]

1. e4 e5 2. Nc3 Nf6 3. g3 Bc5 4. Bg2 d6 5. Na4 0-0 6. Ne2 Nc6 7. 0-0 Bg4 8. Nxc5 dxc5 9. f3 Be6 10. d3 c4 11. f4 cxd3 12. cxd3 Bg4 13. h3 Bxe2 14. Qxe2 Qd6 15. Be3 Nd7 16. Kh2 f5 17. exf5 Rxf5 18. Be4 Rf6 19. fxe5 Ndxe5 20. Rxf6 Qxf6 1-0

[Event "Polanica Zdroj op"]
[Site "Polanica Zdroj"]
[Date "2001.08.19"]
[Round "4"]
[White "Chmielinska, Alicja"]
[Black "Machaj, Bartosz"]
[Result "1/2-1/2"]
[WhiteElo "2040"]
[BlackElo "2153"]
[PlyCount "26"]
[EventDate "2001.08.16"]
[EventType "swiss"]
[EventRounds "10"]
[EventCountry "POL"]
[SourceTitle "EXT 2002"]
[Source "ChessBase"]
[SourceDate "2001.11.25"]
[SourceVersion "1"]
[SourceVersionDate "2001.11.25"]
[SourceQuality "1"]

1. e4 c5 2. Nc3 Nc6 3. f4 g6 4. Nf3 Bg7 5. Bb5 Nd4 6. Bc4 e6 7. Nxd4 cxd4 8. Ne2 Ne7 9. 0-0 0-0 10. d3 d5 11. Bb3 dxe4 12. dxe4 Qb6 13. Kh1 Rd8 1/2-1/2

[Event "Polanica Zdroj op"]
[Site "Polanica Zdroj"]
[Date "2001.08.17"]
[Round "2"]
[White "Balcerak, Philipp"]
[Black "Chmielinska, Alicja"]
[Result "1-0"]
[WhiteElo "2170"]
[BlackElo "2040"]
[PlyCount "40"]
[EventDate "2001.08.16"]
[EventType "swiss"]
[EventRounds "10"]
[EventCountry "POL"]
[SourceTitle "EXT 2002"]
[Source "ChessBase"]
[SourceDate "2001.11.25"]
[SourceVersion "1"]
[SourceVersionDate "2001.11.25"]
[SourceQuality "1"]

1. e4 e5 2. Nf3 Nc6 3. Bb5 a6 4. Ba4 Nf6 5. 0-0 Be7 6. Re1 b5 7. Bb3 0-0 8. c3 d5 9. exd5 Nxd5 10. Nxe5 Nxe5 11. Rxe5 c6 12. d4 Bd6 13. Re1 Qh4 14. g3 Qh3 15. Re4 Bd7 16. Bc2 g6 17. Nd2 Be7 18. Qf1 Qxf1+ 19. Nxf1 Bf5 20. Re2 Bg4 1-0